000 01075nam a2200265Ia 4500
003 OSt
005 20220918110718.0
006 a|||||r|||| 00| 0
007 ta
008 220915b |||||||| |||| 00| 0 hin d
020 _a9789383099948 (hbk (Set))
_c9000
024 _a25,430
037 _b1332, 11/03/2016, Kiran Book Service
_cReference Collections
040 _aARTS
_cARTS
_bhin
041 _2hin
_ahin
082 _aO44k, 152Q7.1-.6(RR)
100 _aसोजीत्रा, विजय एस., संपा.
_99147
245 0 _aभारतीय साहित्य ज्ञान कोश
246 _aBhāratīya sāhitya jnyān kosha
260 _aजयपुर
_bपैराडाइज पब्लिशर्स भारत
_c2017
490 _vखण्ड 1
650 _aहिन्दी साहित्य
942 _hO44k, 152Q7.1-.6(RR)
_cREF
999 _c114197
_d114197